[Event "DVM U16 2017"]
[Site "Walldorf GER"]
[Date "2017.12.28"]
[Round "3"]
[White "Browning, Rebecca"]
[Black "Steffens, Oliver"]
[Result "1/2-1/2"]
[Termination "normal"]
[Board "3.2"]
[WhiteElo "1874"]
[BlackElo "2064"]
[WhiteClock "00:11:54"]
[BlackClock "00:11:42"]
[WhiteTeam "MS Halver-Schalksmühle"]
[BlackTeam "Delmenhorster SK"]
[PlyCount "123"]
[WhiteFideId "12984027"]
[BlackFideId "12947148"]
[EventCountry "GER"]
[EventRounds "7"]
[EventType "team-swiss"]
[EventDate "2017.12.26"]

1. e4 e5 2. Nf3 Nc6 3. d4 exd4 4. Nxd4 Nf6 5. Nc3 Bb4 6. Nxc6 bxc6 7. Bd3 d5 8.
exd5 O-O 9. O-O cxd5 10. Bd2 Bg4 11. Qc1 Re8 12. a3 Bd6 13. Bf4 c5 14. Bxd6
Qxd6 15. Qd2 d4 16. Nb5 Qc6 17. Qf4 Be2 18. Qc7 Qd5 19. c4 Qh5 20. Bxe2 Rxe2
21. b4 d3 22. Rad1 Rae8 23. Nd6 R8e7 24. Qd8+ Ne8 25. Nxe8 Rxe8 26. Qxd3 h6 27.
h3 cxb4 28. axb4 Rb2 29. Qd7 Ree2 30. Qd8+ Kh7 31. Qd3+ Kg8 32. Rb1 Rbd2 33.
Qg3 Qf5 34. Rbe1 Qc2 35. Rxe2 Rxe2 36. Qf4 Re4 37. Qb8+ Kh7 38. c5 a5 39. bxa5
Qxc5 40. Qb1 f5 41. Qa2 Re7 42. a6 Ra7 43. Ra1 Qd4 44. Qa5 Qf6 45. Ra3 g6 46.
Ra1 h5 47. Ra3 Qd6 48. Qa4 Re7 49. Ra1 Ra7 50. Qa3 Qf6 51. h4 Qc6 52. Rc1 Qb6
53. Re1 Qf6 54. Ra1 Qc6 55. Qa4 Qf6 56. Qa5 Qd6 57. Qb5 Qf6 58. Qa4 Qd6 59. Qa5
Qf6 60. Qa4 Qd6 61. Qa5 Qf6 62. Qa4 1/2-1/2

[Event "DVM U16 2017"]
[Site "Walldorf GER"]
[Date "2017.12.28"]
[Round "3"]
[White "Petri, Ben-Luca"]
[Black "Kölz, Niklas"]
[Result "1-0"]
[Termination "normal"]
[Board "3.3"]
[WhiteElo "1747"]
[BlackElo "1712"]
[WhiteClock "00:32:23"]
[BlackClock "00:35:17"]
[WhiteTeam "Delmenhorster SK"]
[BlackTeam "MS Halver-Schalksmühle"]
[PlyCount "55"]
[WhiteFideId "12947261"]
[BlackFideId "12971758"]
[EventCountry "GER"]
[EventRounds "7"]
[EventType "team-swiss"]
[EventDate "2017.12.26"]

1. e4 c5 2. Nf3 e6 3. b3 Nc6 4. Bb2 Nf6 5. e5 Nd5 6. c4 Nf4 7. g3 Ng6 8. Bd3 d5
9. exd6 f5 10. Qe2 Kf7 11. h4 Qxd6 12. h5 Nge7 13. Na3 a6 14. O-O Nd4 15. Nxd4
cxd4 16. Rfe1 Kf6 17. c5 Qxc5 18. Rac1 Qd5 19. Nc4 Rb8 20. Nb6 Qd6 21. Nxc8
Rxc8 22. Rxc8 Nxc8 23. Bxd4+ Kf7 24. Bxf5 Ke8 25. Qc4 Ne7 26. Rxe6 Qb8 27. Be5
Qd8 28. Rd6 1-0

[Event "DVM U16 2017"]
[Site "Walldorf GER"]
[Date "2017.12.28"]
[Round "3"]
[White "Scholz, Sebastian"]
[Black "Sinnhöfer, Jonas"]
[Result "1-0"]
[Termination "normal"]
[Board "3.4"]
[WhiteElo "1729"]
[BlackElo "1853"]
[WhiteClock "00:02:52"]
[BlackClock "00:52:12"]
[WhiteTeam "MS Halver-Schalksmühle"]
[BlackTeam "Delmenhorster SK"]
[PlyCount "155"]
[WhiteFideId "16202597"]
[BlackFideId "12982938"]
[EventCountry "GER"]
[EventRounds "7"]
[EventType "team-swiss"]
[EventDate "2017.12.26"]

1. e4 e5 2. Nf3 Nc6 3. Nc3 Nf6 4. d4 exd4 5. Nxd4 Bb4 6. Nxc6 bxc6 7. Bd3 d5 8.
O-O Bxc3 9. bxc3 dxe4 10. Qe2 O-O 11. Bxe4 Re8 12. Bg5 Bf5 13. f3 Qd6 14. Bxf6
Qxf6 15. Qc4 Bxe4 16. fxe4 Qe6 17. Qxe6 Rxe6 18. Rf4 Rae8 19. Rb1 g5 20. Rf5 h6
21. Rb7 Rxe4 22. Rxc7 R8e7 23. Rxc6 Ra4 24. Rxh6 Kg7 25. Rc6 Rxa2 26. Rxg5+ Kh7
27. Rc4 Re6 28. Rh4+ Rh6 29. Rxh6+ Kxh6 30. Rc5 a5 31. Rc6+ Kg7 32. Ra6 Rxc2
33. Rxa5 Rxc3 34. h3 Kg6 35. Kh2 f5 36. h4 Rc4 37. g3 Rc2+ 38. Kh3 Rc3 39. Ra6+
Kg7 40. Kg2 Rb3 41. h5 Rc3 42. h6+ Kh7 43. Rf6 Rc4 44. Kf3 Rb4 45. Rxf5 Kxh6
46. Rf4 Rb5 47. Kg4 Rg5+ 48. Kh3 Rh5+ 49. Kg2 Rb5 50. Kf3 Kg5 51. Ra4 Rb3+ 52.
Kg2 Rb2+ 53. Kh3 Rb5 54. Ra8 Kg6 55. g4 Rb1 56. Ra6+ Kg5 57. Ra5+ Kf4 58. Rf5+
Ke4 59. Kh4 Rb8 60. Rf6 Ke5 61. g5 Rh8+ 62. Kg4 Rh7 63. Rf8 Ke6 64. g6 Rh1 65.
Kg5 Rg1+ 66. Kh6 Ke7 67. Rf2 Rh1+ 68. Kg7 Re1 69. Kh7 Rh1+ 70. Kg8 Rg1 71. g7
Rh1 72. Rf4 Rh2 73. Re4+ Kd7 74. Kf7 Rf2+ 75. Kg6 Rg2+ 76. Kf6 Kd6 77. Rd4+ Kc7
78. Rf4 1-0

[Event "DVM U16 2017"]
[Site "Walldorf GER"]
[Date "2017.12.28"]
[Round "3"]
[White "Wendler, David"]
[Black "Vuckovic, Zarko"]
[Result "0-1"]
[Termination "normal"]
[Board "4.1"]
[WhiteElo "2123"]
[BlackElo "2115"]
[WhiteClock "00:05:53"]
[BlackClock "00:19:17"]
[WhiteTeam "SK Bebenhausen"]
[BlackTeam "SF Augsburg"]
[PlyCount "64"]
[WhiteFideId "12938360"]
[BlackFideId "12952087"]
[EventCountry "GER"]
[EventRounds "7"]
[EventType "team-swiss"]
[EventDate "2017.12.26"]

1. e4 c5 2. Nf3 Nc6 3. c3 Nf6 4. e5 Nd5 5. d4 cxd4 6. Bc4 Nb6 7. Bb3 d5 8. exd6
e6 9. cxd4 Bxd6 10. Nc3 O-O 11. O-O e5 12. Bg5 Qd7 13. d5 Na5 14. Re1 f6 15.
Be3 Qe7 16. Ne4 Bf5 17. Nfd2 Kh8 18. Qf3 Bxe4 19. Nxe4 Nxb3 20. axb3 Nxd5 21.
Bxa7 Bb4 22. Nc3 Nxc3 23. bxc3 Ba3 24. Be3 Rac8 25. b4 Bb2 26. Ra7 e4 27. Qg3
Bxc3 28. Bc5 Rxc5 29. bxc5 Bxe1 30. c6 e3 31. Rxb7 Bxf2+ 32. Kh1 Qxb7 0-1

[Event "DVM U16 2017"]
[Site "Walldorf GER"]
[Date "2017.12.28"]
[Round "3"]
[White "Vuckovic, Robert"]
[Black "Grimm, Ling Leander"]
[Result "1-0"]
[Termination "normal"]
[Board "4.2"]
[WhiteElo "1759"]
[BlackElo "1830"]
[WhiteClock "00:54:19"]
[BlackClock "00:03:04"]
[WhiteTeam "SF Augsburg"]
[BlackTeam "SK Bebenhausen"]
[PlyCount "101"]
[WhiteFideId "12998680"]
[BlackFideId "12968277"]
[EventCountry "GER"]
[EventRounds "7"]
[EventType "team-swiss"]
[EventDate "2017.12.26"]

1. e4 c5 2. Nc3 Nc6 3. d3 d6 4. g3 g6 5. Bg2 Bg7 6. Be3 Rb8 7. Qd2 b5 8. f4 b4
9. Nd1 Bd7 10. Nf3 Nf6 11. h3 Qc8 12. g4 Qa6 13. O-O b3 14. cxb3 Nb4 15. Ne1
Bb5 16. Nf2 O-O 17. a3 Rfd8 18. Qd1 Nxd3 19. Nexd3 c4 20. Nb4 Qc8 21. Rc1 d5
22. exd5 a5 23. bxc4 Bxc4 24. Nc6 Rd7 25. Rxc4 Qe8 26. Nxb8 Qxb8 27. Qc2 Bf8
28. Rd1 Qb5 29. Rc5 Qb6 30. Qd2 e6 31. Rxa5 Qb8 32. Ne4 Nxd5 33. Rxd5 Rxd5 34.
Nf6+ Kg7 35. Nxd5 exd5 36. Qxd5 Be7 37. Qe5+ Qxe5 38. fxe5 h5 39. b4 Bh4 40. b5
Bg3 41. b6 Bxe5 42. Bd4 f6 43. Bxe5 fxe5 44. b7 e4 45. b8=Q e3 46. Rd7+ Kf6 47.
Qb6+ Kg5 48. Qxe3+ Kh4 49. Rd5 hxg4 50. Qf2+ g3 51. Qf4# 1-0

[Event "DVM U16 2017"]
[Site "Walldorf GER"]
[Date "2017.12.28"]
[Round "3"]
[White "Freiherr von Hauff, Christopher"]
[Black "Thorwarth, Paul"]
[Result "1-0"]
[Termination "normal"]
[Board "4.3"]
[WhiteElo "1804"]
[BlackElo "1572"]
[WhiteClock "00:32:57"]
[BlackClock "00:24:48"]
[WhiteTeam "SK Bebenhausen"]
[BlackTeam "SF Augsburg"]
[PlyCount "87"]
[WhiteFideId "16200691"]
[BlackFideId "16216865"]
[EventCountry "GER"]
[EventRounds "7"]
[EventType "team-swiss"]
[EventDate "2017.12.26"]

1. e4 c5 2. Nf3 Nc6 3. c3 e6 4. d4 d5 5. e5 Qb6 6. a3 cxd4 7. cxd4 Nge7 8. b4
Nf5 9. Be3 Bd7 10. Be2 Rc8 11. O-O h5 12. Qd2 Nxe3 13. fxe3 a5 14. Ng5 f6 15.
exf6 gxf6 16. Rxf6 Bg7 17. Rxe6+ Bxe6 18. Nxe6 Bf6 19. Nf4 Nxd4 20. Nxd5 Nxe2+
21. Kf2 Bh4+ 22. Kxe2 Qb5+ 23. Qd3 Rc2+ 24. Nd2 Qxd3+ 25. Kxd3 Rc6 26. Rf1 axb4
27. axb4 Kd7 28. e4 Rh7 29. Nc4 Ra6 30. Ne5+ Ke6 31. Kd4 Ra2 32. g3 Bd8 33. h4
Rd2+ 34. Nd3 Rf7 35. N5f4+ Kd6 36. e5+ Kc6 37. e6 Rf5 38. Ke4 Rb5 39. Rc1+ Kd6
40. Rc5 Rxb4+ 41. Ke3 Bb6 42. Kxd2 Bxc5 43. Nxc5 Kxc5 44. Nd3+ 1-0

[Event "DVM U16 2017"]
[Site "Walldorf GER"]
[Date "2017.12.28"]
[Round "3"]
[White "McPherson, Elisha"]
[Black "Ortner, Jonas Ruben"]
[Result "1-0"]
[Termination "normal"]
[Board "4.4"]
[WhiteElo "1488"]
[BlackElo "1845"]
[WhiteClock "00:24:21"]
[BlackClock "00:04:51"]
[WhiteTeam "SF Augsburg"]
[BlackTeam "SK Bebenhausen"]
[PlyCount "125"]
[WhiteFideId "16255852"]
[BlackFideId "16235118"]
[EventCountry "GER"]
[EventRounds "7"]
[EventType "team-swiss"]
[EventDate "2017.12.26"]

1. e4 c5 2. Nf3 Nc6 3. Bb5 g6 4. d3 Bg7 5. Nc3 Nf6 6. h3 d5 7. Bxc6+ bxc6 8.
Bf4 O-O 9. Be5 Bb7 10. b3 Nd7 11. Bxg7 Kxg7 12. h4 h6 13. Qd2 e5 14. Na4 f5 15.
Qe3 d4 16. Qe2 fxe4 17. dxe4 Qe7 18. Nb2 a5 19. O-O-O Ba6 20. Qd2 c4 21. Nxd4
exd4 22. Qxd4+ Nf6 23. e5 Ng8 24. e6+ Nf6 25. Nxc4 Bxc4 26. Qxc4 a4 27. Kd2
Qd6+ 28. Ke1 Qe5+ 29. Kf1 Ne4 30. Rd7+ Kh8 31. Kg1 Nxf2 32. e7 Qe1+ 33. Qf1
Nh3+ 34. Kh2 Rxf1 35. Rxf1 Qxf1 36. Rd8+ Rxd8 37. exd8=Q+ Kg7 38. Qe7+ Kg8 39.
Qe8+ Kg7 40. Qd7+ Qf7 41. Qxf7+ Kxf7 42. Kxh3 a3 43. Kg4 Ke6 44. Kf4 Kd5 45. c3
Ke6 46. g4 c5 47. g5 hxg5+ 48. Kxg5 Kf7 49. b4 Kg7 50. b5 c4 51. b6 Kf7 52. b7
Ke6 53. b8=Q Kd5 54. Kxg6 Kc5 55. Qb4+ Kc6 56. Qxc4+ Kb7 57. Qe6 Kc7 58. h5 Kb7
59. h6 Ka7 60. h7 Kb7 61. h8=R Kc7 62. Rh7+ Kd8 63. Qg8# 1-0

[Event "DVM U16 2017"]
[Site "Walldorf GER"]
[Date "2017.12.28"]
[Round "3"]
[White "Koll, Lukas"]
[Black "Lieberwirth, Kasimir"]
[Result "0-1"]
[Termination "normal"]
[Board "5.1"]
[WhiteElo "1854"]
[BlackElo "2034"]
[WhiteClock "00:04:07"]
[BlackClock "00:05:55"]
[WhiteTeam "Karlsruher SF"]
[BlackTeam "SG Turm Leipzig"]
[PlyCount "159"]
[WhiteFideId "12969737"]
[BlackFideId "12988146"]
[EventCountry "GER"]
[EventRounds "7"]
[EventType "team-swiss"]
[EventDate "2017.12.26"]

1. c4 Nf6 2. Nc3 d5 3. cxd5 Nxd5 4. g3 g6 5. Bg2 Nb6 6. Nf3 Bg7 7. O-O O-O 8.
d3 h6 9. Be3 Kh7 10. Nd2 Nc6 11. Rc1 e5 12. Nb3 Nd4 13. Qd2 Nxb3 14. axb3 f5
15. Rfd1 Rf7 16. Bxb6 axb6 17. Ra1 Rxa1 18. Rxa1 c6 19. b4 b5 20. e3 Qd6 21.
Na2 Be6 22. Qc2 Rd7 23. Bf1 Rd8 24. b3 Ra8 25. Rb1 Qf8 26. Rb2 Ra3 27. Be2 Qg8
28. Bd1 Qf8 29. Qc3 Bd5 30. Nc1 Qa8 31. Qd2 Kg8 32. Ra2 Kf7 33. Qb2 Rxa2 34.
Qxa2 Qf8 35. Qd2 Qe7 36. Qc3 Bf8 37. Na2 Bg7 38. Be2 h5 39. Bf1 f4 40. Bg2 e4
41. d4 f3 42. Bh3 b6 43. Bf1 Qe6 44. Nc1 Bf8 45. Kh1 g5 46. Qa1 Bxb4 47. Qa7+
Kg6 48. Qxb6 Ba3 49. Na2 Bxb3 50. Nc3 Bb2 51. d5 Bxd5 52. Nxd5 Qxd5 53. Qb8 Qe6
54. Qb6 Qd5 55. Kg1 Be5 56. Qb7 Qd6 57. Qc8 Qf6 58. Qg8+ Kh6 59. Qb3 Qg6 60.
Bh3 g4 61. Bf1 h4 62. Qb4 hxg3 63. hxg3 Bg7 64. Qe7 Kh7 65. Qd8 Qe6 66. Qg5 Bf6
67. Qc5 Kg7 68. Bxb5 cxb5 69. Qxb5 Be7 70. Qb2+ Kf7 71. Qh8 Bf6 72. Qh7+ Bg7
73. Qh5+ Kf6 74. Qc5 Qf5 75. Qd6+ Kg5 76. Qd8+ Kg6 77. Qe8+ Kh7 78. Qc6 Qe5 79.
Qb7 Qe6 80. Qa8 0-1

[Event "DVM U16 2017"]
[Site "Walldorf GER"]
[Date "2017.12.28"]
[Round "3"]
[White "Wegmer, Leon"]
[Black "Bosch, Jonael"]
[Result "1-0"]
[Termination "normal"]
[Board "5.3"]
[WhiteElo "1691"]
[BlackElo "1569"]
[WhiteClock "00:58:00"]
[BlackClock "00:31:17"]
[WhiteTeam "Karlsruher SF"]
[BlackTeam "SG Turm Leipzig"]
[PlyCount "75"]
[WhiteFideId "12983748"]
[BlackFideId "16251253"]
[EventCountry "GER"]
[EventRounds "7"]
[EventType "team-swiss"]
[EventDate "2017.12.26"]

1. e4 e5 2. Nf3 Nc6 3. Bc4 Nf6 4. d3 Be7 5. c3 d6 6. Nbd2 Bg4 7. h3 Bh5 8. Nf1
Qd7 9. Ng3 Bg6 10. a4 O-O 11. O-O Na5 12. Ba2 c5 13. Nh4 Nc6 14. Nxg6 hxg6 15.
f4 Nh7 16. f5 Kh8 17. fxg6 fxg6 18. Bf7 Ng5 19. Bxg6 Rxf1+ 20. Kxf1 Rf8+ 21.
Nf5 Rxf5+ 22. exf5 Bf6 23. Bxg5 Bxg5 24. Qh5+ Bh6 25. g4 Ne7 26. Be8 Qc8 27. f6
gxf6 28. Qxh6+ Kg8 29. Bg6 Nxg6 30. Qxg6+ Kh8 31. Qxf6+ Kg8 32. Ke2 Qc6 33. Rf1
Qg2+ 34. Rf2 Qxh3 35. Qf8+ Kh7 36. Rf7+ Kg6 37. Qg8+ Kh6 38. Rh7# 1-0

[Event "DVM U16 2017"]
[Site "Walldorf GER"]
[Date "2017.12.28"]
[Round "3"]
[White "Kreicarek, Tobias"]
[Black "Wang, Xinyuan"]
[Result "0-1"]
[Termination "normal"]
[Board "5.4"]
[WhiteElo "1415"]
[BlackElo "1688"]
[WhiteClock "00:00:32"]
[BlackClock "00:54:08"]
[WhiteTeam "SG Turm Leipzig"]
[BlackTeam "Karlsruher SF"]
[PlyCount "72"]
[WhiteFideId "16255909"]
[BlackFideId "16221494"]
[EventCountry "GER"]
[EventRounds "7"]
[EventType "team-swiss"]
[EventDate "2017.12.26"]

1. e4 c5 2. Nf3 a6 3. d4 cxd4 4. Nxd4 Nf6 5. Nc3 e5 6. Nf3 Bb4 7. Bd2 d6 8. Bd3
b6 9. a3 Bxc3 10. Bxc3 Bb7 11. Qe2 O-O 12. O-O Qc7 13. Rad1 Re8 14. Rfe1 Nbd7
15. Nd2 d5 16. exd5 Nxd5 17. Be4 Nxc3 18. bxc3 Nc5 19. Bxb7 Nxb7 20. Qc4 Qe7
21. Nf3 Na5 22. Qb4 Qxb4 23. cxb4 Nc4 24. Re4 b5 25. Rd5 f6 26. Nd2 Nxa3 27.
Rc5 Rac8 28. Nb3 Nxc2 29. Rxc8 Rxc8 30. Nc5 Nxb4 31. Nb3 Nd3 32. f3 Rc3 33. Nd2
a5 34. Kf1 a4 35. Ke2 Nf4+ 36. Kf2 a3 0-1

[Event "DVM U16 2017"]
[Site "Walldorf GER"]
[Date "2017.12.28"]
[Round "3"]
[White "von Estorff, Jacob"]
[Black "Runte, Moritz"]
[Result "0-1"]
[Termination "normal"]
[Board "6.1"]
[WhiteElo "1937"]
[BlackElo "1978"]
[WhiteClock "00:09:18"]
[BlackClock "01:01:35"]
[WhiteTeam "Post SV Uelzen"]
[BlackTeam "SV Hemer"]
[PlyCount "64"]
[WhiteFideId "12974501"]
[BlackFideId "12991449"]
[EventCountry "GER"]
[EventRounds "7"]
[EventType "team-swiss"]
[EventDate "2017.12.26"]

1. e4 e5 2. Nf3 Nc6 3. d4 exd4 4. Nxd4 Nf6 5. Nxc6 bxc6 6. e5 Qe7 7. Qe2 Nd5 8.
Nd2 g6 9. c4 Nf4 10. Qe4 Ne6 11. Be2 Bg7 12. f4 O-O 13. O-O f6 14. exf6 Qxf6
15. Nb3 Ba6 16. Kh1 Rae8 17. Rb1 Nxf4 18. Qxf4 Rxe2 19. Bd2 Qe7 20. Qxc7 Bxc4
21. Rxf8+ Qxf8 22. Bc3 Bd5 23. Qg3 Rxg2 24. Qxg2 Bxg2+ 25. Kxg2 Qf5 26. Rc1
Qe4+ 27. Kf2 Bh6 28. Re1 Qf4+ 29. Kg2 Qg4+ 30. Kf2 Bf4 31. Nc5 Qf5 32. Ne4 Bd2+
0-1

[Event "DVM U16 2017"]
[Site "Walldorf GER"]
[Date "2017.12.28"]
[Round "3"]
[White "Leonard, Timo"]
[Black "Knüdel, Torben"]
[Result "1/2-1/2"]
[Termination "normal"]
[Board "6.2"]
[WhiteElo "1762"]
[BlackElo "1825"]
[WhiteClock "00:02:03"]
[BlackClock "00:17:52"]
[WhiteTeam "SV Hemer"]
[BlackTeam "Post SV Uelzen"]
[PlyCount "72"]
[WhiteFideId "16208757"]
[BlackFideId "16208820"]
[EventCountry "GER"]
[EventRounds "7"]
[EventType "team-swiss"]
[EventDate "2017.12.26"]

1. e4 c5 2. Nf3 d6 3. d4 cxd4 4. Nxd4 Nf6 5. Nc3 a6 6. Be2 e5 7. Nb3 Be6 8. O-O
Be7 9. Re1 Nbd7 10. Nd2 Rc8 11. Bf3 b5 12. a3 Nb6 13. Nf1 Qc7 14. Ne3 O-O 15.
Qe2 Qd7 16. Rd1 Rc5 17. Bd2 Nc4 18. Nxc4 Bxc4 19. Qe1 Be6 20. Be3 Rcc8 21. Rd2
Ng4 22. Bb6 Bg5 23. Bxg4 Bxg4 24. Be3 Bxe3 25. Qxe3 f5 26. f3 Bh5 27. Nd5 fxe4
28. Qg5 Bg6 29. Ne7+ Kh8 30. Nxg6+ hxg6 31. Qh4+ Kg8 32. Qxe4 Qe6 33. Rad1 Rfd8
34. c3 Rd7 35. Qd5 Kf7 36. Kf2 Qxd5 1/2-1/2

[Event "DVM U16 2017"]
[Site "Walldorf GER"]
[Date "2017.12.28"]
[Round "3"]
[White "Rothenberg, Jannik"]
[Black "Mai, Artur"]
[Result "1/2-1/2"]
[Termination "normal"]
[Board "6.3"]
[WhiteElo "1768"]
[BlackElo "1578"]
[WhiteClock "00:14:04"]
[BlackClock "00:16:30"]
[WhiteTeam "Post SV Uelzen"]
[BlackTeam "SV Hemer"]
[PlyCount "50"]
[WhiteFideId "16204743"]
[BlackFideId "16206851"]
[EventCountry "GER"]
[EventRounds "7"]
[EventType "team-swiss"]
[EventDate "2017.12.26"]

1. d4 d5 2. c4 e6 3. Nc3 Nf6 4. cxd5 exd5 5. Bg5 Be7 6. e3 c6 7. Bd3 O-O 8. Qc2
h6 9. Bh4 Re8 10. Nge2 Nbd7 11. O-O Ne4 12. Bxe7 Qxe7 13. Rae1 Ndf6 14. f3 Ng5
15. Ng3 Qc7 16. Kh1 h5 17. Qf2 Bd7 18. Nge2 Re7 19. Nf4 Ne6 20. Nxe6 Bxe6 21.
Qh4 Rae8 22. e4 dxe4 23. fxe4 Ng4 24. Re2 Qd6 25. d5 cxd5 1/2-1/2

[Event "DVM U16 2017"]
[Site "Walldorf GER"]
[Date "2017.12.28"]
[Round "3"]
[White "Jahn, Felix"]
[Black "Hinrichs, Niklas"]
[Result "0-1"]
[Termination "normal"]
[Board "7.1"]
[WhiteElo "1648"]
[BlackElo "1975"]
[WhiteClock "00:27:01"]
[BlackClock "00:48:20"]
[WhiteTeam "BSG Grün-Weiß Leipzig"]
[BlackTeam "SK Bingen"]
[PlyCount "90"]
[WhiteFideId "12983632"]
[BlackFideId "12942499"]
[EventCountry "GER"]
[EventRounds "7"]
[EventType "team-swiss"]
[EventDate "2017.12.26"]

1. e4 c5 2. Nf3 d6 3. d4 cxd4 4. Nxd4 Nf6 5. Nc3 a6 6. Be3 e6 7. Be2 Qc7 8. O-O
b5 9. a3 Bb7 10. f3 Be7 11. Qd2 Nbd7 12. Rfd1 d5 13. exd5 Nxd5 14. Nxd5 Bxd5
15. Rac1 Rc8 16. a4 O-O 17. axb5 axb5 18. Nxb5 Qb7 19. b3 Rfd8 20. c4 Bc6 21.
Nd4 Nc5 22. Qc2 Be8 23. Rb1 Ra8 24. Bd3 Bf6 25. Bxh7+ Kh8 26. Be4 Nxe4 27. Qxe4
Qb4 28. Ra1 Rxa1 29. Rxa1 Qc3 30. Nc2 Qxb3 31. Bd4 Qxc2 32. Qxc2 Bxd4+ 33. Kf1
Bxa1 34. c5 Bb5+ 35. Ke1 Rc8 36. Qd2 Bc6 37. Qa2 Bc3+ 38. Ke2 Bb5+ 39. Kd1 Rxc5
40. Qa8+ Kh7 41. Qe4+ g6 42. Qe3 Rd5+ 43. Kc2 Bf6 44. f4 Ba4+ 45. Kb1 Rd1+ 0-1

[Event "DVM U16 2017"]
[Site "Walldorf GER"]
[Date "2017.12.28"]
[Round "3"]
[White "Hinrichs, Paul"]
[Black "Rose, Noah"]
[Result "1-0"]
[Termination "normal"]
[Board "7.2"]
[WhiteElo "1830"]
[BlackElo "1565"]
[WhiteClock "00:56:02"]
[BlackClock "00:11:28"]
[WhiteTeam "SK Bingen"]
[BlackTeam "BSG Grün-Weiß Leipzig"]
[PlyCount "77"]
[WhiteFideId "12942545"]
[BlackFideId "12990191"]
[EventCountry "GER"]
[EventRounds "7"]
[EventType "team-swiss"]
[EventDate "2017.12.26"]

1. d4 Nf6 2. c4 g6 3. Nc3 Bg7 4. e4 d6 5. f3 O-O 6. Be3 Nbd7 7. Nge2 Re8 8. Qd2
e5 9. d5 a5 10. g4 Nc5 11. Ng3 Qe7 12. O-O-O Rd8 13. Be2 b6 14. h4 Bb7 15. Kb1
c6 16. Bg5 cxd5 17. Nxd5 Bxd5 18. cxd5 Qd7 19. Rc1 b5 20. Be3 Rdc8 21. h5 b4
22. hxg6 fxg6 23. Bxc5 dxc5 24. g5 Ne8 25. Bf1 Qe7 26. Bh3 Rd8 27. Qe3 Bf8 28.
Be6+ Kh8 29. Nf5 Qc7 30. Nh6 Bxh6 31. Rxh6 c4 32. Rch1 Rab8 33. Rxg6 Nd6 34.
Rgh6 c3 35. g6 Rb7 36. Qc5 c2+ 37. Kc1 Qe7 38. Rxh7+ Qxh7 39. Rxh7+ 1-0

[Event "DVM U16 2017"]
[Site "Walldorf GER"]
[Date "2017.12.28"]
[Round "3"]
[White "Kannengießer, Louis"]
[Black "Lutterbach, Jakob"]
[Result "0-1"]
[Termination "normal"]
[Board "7.3"]
[WhiteElo "1556"]
[BlackElo "1581"]
[WhiteClock "00:11:41"]
[BlackClock "00:30:53"]
[WhiteTeam "BSG Grün-Weiß Leipzig"]
[BlackTeam "SK Bingen"]
[PlyCount "60"]
[WhiteFideId "16206800"]
[BlackFideId "16208498"]
[EventCountry "GER"]
[EventRounds "7"]
[EventType "team-swiss"]
[EventDate "2017.12.26"]

1. e4 c5 2. Nf3 a6 3. d4 cxd4 4. Nxd4 Nf6 5. Nc3 e5 6. Nf3 Bb4 7. Bd2 d6 8. Bd3
Nbd7 9. O-O Nc5 10. Qe2 O-O 11. h3 b5 12. a3 Bxc3 13. Bxc3 Bb7 14. Nd2 Na4 15.
Nb1 Qc7 16. Ra2 Nxc3 17. Nxc3 d5 18. exd5 Nxd5 19. Nxd5 Bxd5 20. Raa1 f5 21. f3
Rae8 22. c3 g6 23. Rae1 Re6 24. Qd2 Rfe8 25. Re3 Qc6 26. Rfe1 e4 27. fxe4 Bxe4
28. Bxe4 Rxe4 29. Qd3 Qc5 30. Kf2 f4 0-1

[Event "DVM U16 2017"]
[Site "Walldorf GER"]
[Date "2017.12.28"]
[Round "3"]
[White "Berstler, Tobias"]
[Black "Westphal, Simon"]
[Result "1/2-1/2"]
[Termination "normal"]
[Board "7.4"]
[WhiteElo "1616"]
[BlackElo "1426"]
[WhiteClock "00:05:42"]
[BlackClock "00:10:52"]
[WhiteTeam "SK Bingen"]
[BlackTeam "BSG Grün-Weiß Leipzig"]
[PlyCount "80"]
[WhiteFideId "16242661"]
[BlackFideId "16255917"]
[EventCountry "GER"]
[EventRounds "7"]
[EventType "team-swiss"]
[EventDate "2017.12.26"]

1. e4 e5 2. Nf3 Nc6 3. Bb5 d6 4. c3 Bd7 5. O-O Nf6 6. d3 Be7 7. Nbd2 O-O 8. Re1
Re8 9. Nf1 a6 10. Ba4 Rb8 11. Ng3 Qc8 12. h3 Ra8 13. d4 exd4 14. cxd4 Qd8 15.
Bb3 h6 16. Be3 Na5 17. Rc1 Nc6 18. a3 Bc8 19. Bc2 d5 20. e5 Nh7 21. Qd3 Nf8 22.
Nf5 Bxf5 23. Qxf5 Qd7 24. Qxd7 Nxd7 25. Ba4 Ndb8 26. Nd2 Rc8 27. f4 Nd8 28. Bb3
c6 29. Bxd5 Nd7 30. Bb3 Nb6 31. Nf3 Ne6 32. f5 Nc7 33. Nd2 Rd8 34. Rc2 Ncd5 35.
Bxd5 Nxd5 36. Nf3 Rd7 37. Kf2 Bd8 38. Rec1 Bb6 39. Ke2 Rad8 40. Rd1 Ba7 1/2-1/2

[Event "DVM U16 2017"]
[Site "Walldorf GER"]
[Date "2017.12.28"]
[Round "3"]
[White "Jakob, Georg"]
[Black "Reindl, Knut"]
[Result "1-0"]
[Termination "normal"]
[Board "8.1"]
[WhiteElo "1959"]
[BlackElo "1814"]
[WhiteClock "00:52:43"]
[BlackClock "00:23:52"]
[WhiteTeam "SG Königskinder Hohentübingen"]
[BlackTeam "SG Schwäbisch Gmünd"]
[PlyCount "49"]
[WhiteFideId "16224221"]
[BlackFideId "12946753"]
[EventCountry "GER"]
[EventRounds "7"]
[EventType "team-swiss"]
[EventDate "2017.12.26"]

1. e4 c5 2. Nf3 d6 3. d4 cxd4 4. Nxd4 Nf6 5. Nc3 g6 6. Be3 Bg7 7. f3 O-O 8. Qd2
Nc6 9. g4 Be6 10. O-O-O Ne5 11. h4 Bc4 12. h5 Bxf1 13. Rdxf1 Nc4 14. Qe2 Nxe3
15. Qxe3 Qb6 16. hxg6 hxg6 17. Qd2 Rfc8 18. Nf5 gxf5 19. gxf5 Kf8 20. Rfg1 Ne8
21. Rxg7 e6 22. Rh8+ Ke7 23. Qg5+ Nf6 24. Rxf7+ Kxf7 25. Qg6+ 1-0

[Event "DVM U16 2017"]
[Site "Walldorf GER"]
[Date "2017.12.28"]
[Round "3"]
[White "Lang, Thomas"]
[Black "Hofele, Mathis"]
[Result "1/2-1/2"]
[Termination "normal"]
[Board "8.2"]
[WhiteElo "1749"]
[BlackElo "1685"]
[WhiteClock "00:45:01"]
[BlackClock "00:34:49"]
[WhiteTeam "SG Schwäbisch Gmünd"]
[BlackTeam "SG Königskinder Hohentübingen"]
[PlyCount "56"]
[WhiteFideId "12982520"]
[BlackFideId "12963844"]
[EventCountry "GER"]
[EventRounds "7"]
[EventType "team-swiss"]
[EventDate "2017.12.26"]

1. e4 c5 2. Nf3 a6 3. c4 Nc6 4. Nc3 e5 5. Be2 d6 6. d3 Be7 7. O-O f5 8. Ne1 f4
9. Bg4 Nf6 10. Bxc8 Rxc8 11. f3 Qd7 12. Nd5 Bd8 13. Nc2 g5 14. Bd2 h5 15. b4 g4
16. a4 Nd4 17. Nxd4 cxd4 18. b5 Nxd5 19. exd5 a5 20. Qe1 Qf5 21. Qe4 Qxe4 22.
fxe4 b6 23. Kf2 Rc7 24. Ke2 Rg7 25. Rab1 Kd7 26. Kd1 Kc7 27. Kc2 Be7 28. Kb2
Bd8 1/2-1/2